000 00510nam a22002057a 4500
005 20170308085243.0
008 160819b xxu||||| |||| 00| 0 eng d
020 _a9788131521052
040 _cPK-LaUMT
082 _a 515
_bSTE-C
100 _aStewart, James
245 _aCalculus early transcendentals /
_cJames Stewart
250 _a7th
260 _aDelhi :
_bCengage Learning India.
_c2012
300 _a1170 p.
546 _aEnglish
650 _aMathematics
650 _aCalculus
942 _cBK
999 _c87415
_d87415